Cithara Sanctorum, Pjsně Duchownj, Staré y nowé... Wyd. 43. Pessťanské
| Format: | Book |
|---|---|
| Language: | Undetermined |
| PhysicalDescription: | 1247, 112, 237 s. |
| Published: |
Budapesst
Alojz Bučánky
1877-(1879)
|
MARC
| LEADER | 00000nam a2200000 a 4500 | ||
|---|---|---|---|
| 001 | vtls001332847 | ||
| 003 | SK-MaSNL | ||
| 005 | 20260223215151.0 | ||
| 008 | 980601suuuu xx 0 und | ||
| 035 | |a SNK000285757 | ||
| 040 | |a SNK |b slo |c SNK |e AACR2 | ||
| 245 | 1 | |a Cithara Sanctorum, Pjsně Duchownj, Staré y nowé... |b Wyd. 43. Pessťanské | |
| 260 | |a Budapesst |b Alojz Bučánky |c 1877-(1879) | ||
| 300 | |a 1247, 112, 237 s. | ||
| 999 | |c 718265 |d 720195 | ||
| 952 | |t P60, <03>, [BOOK], {603} |a SNK |b SNK |y PREZ |7 0 |o snkSD 50599 |0 0 |1 0 |4 0 |d 1998-06-01 |l 0 |r 2005-01-02 00:00:00 |w 2026-02-23 | ||


